000 00388nam a2200157Ia 4500
008 231221s9999 xx 000 0 und d
020 _a9780000000000
041 _aEnglish
082 _a001.6424JAV BAL;33
100 _aBalagurusamy, E.
245 0 _aProgramming with Java : a primer
250 _a2nd ed.
260 _c2007
_bTMH,
_aNew Delhi
300 _axvii+490
942 _cBC
999 _c202057
_d202057